[Event "Muensterland Regionalliga Gr1 2223"]
[Site "Germany"]
[Date "2023.02.25"]
[Round "7.7"]
[White "Steiner, Karl"]
[Black "Dieckmann, Werner"]
[Result "1-0"]
[WhiteElo "1868"]
[BlackElo "1777"]
[PlyCount "85"]
[EventDate "2022.09.03"]
[EventType "team-tourn"]
[EventRounds "7"]
[EventCountry "GER"]
[SourceTitle "EXT 2024"]
[Source "ChessBase"]
[SourceDate "2023.10.10"]
[SourceVersion "1"]
[SourceVersionDate "2023.10.10"]
[SourceQuality "1"]
[WhiteTeam "Bocholt"]
[BlackTeam "Telgte"]
[WhiteTeamCountry "GER"]
[BlackTeamCountry "GER"]

1. c4 c5 2. Nf3 Nc6 3. g3 g6 4. Bg2 Bg7 5. 0-0 Nf6 6. Nc3 0-0 7. e3 d6 8. d4 Bg4 9. h3 cxd4 10. exd4 Bf5 11. Be3 Qc8 12. Kh2 Nb4 13. b3 Nc2 14. Rc1 Nxe3 15. fxe3 Rb8 16. Qe2 Ne4 17. Nd5 Qd8 18. Nh4 e6 19. Nxf5 exf5 20. g4 Re8 21. gxf5 Qh4 22. Rf4 Qg3+ 23. Kg1 Ng5 24. Kh1 Nxh3 25. Rf3 Nf4 26. Nxf4 Qh4+ 27. Kg1 Bxd4 28. Nd5 Qg5 29. Qd3 Be5 30. Kf1 b6 31. Rc2 Rbc8 32. fxg6 fxg6 33. Rcf2 b5 34. Nf6+ Bxf6 35. Rxf6 Rxe3 36. Bd5+ Kh8 37. Rf8+ Rxf8 38. Rxf8+ Kg7 39. Rf7+ Kh6 40. Qd4 Re5 41. Qc3 Qg4 42. Qd2+ g5 43. Qd3 1-0

[Event "Muensterland Verbandsliga 1920"]
[Site "Germany"]
[Date "2019.11.09"]
[Round "3.4"]
[White "Dieckmann, Werner"]
[Black "Wetterau, Georg"]
[Result "0-1"]
[WhiteElo "1779"]
[BlackElo "1829"]
[PlyCount "109"]
[EventDate "2019.09.07"]
[EventType "team-tourn"]
[EventRounds "7"]
[EventCountry "GER"]
[SourceTitle "EXT 2023"]
[Source "ChessBase"]
[SourceDate "2022.10.05"]
[SourceVersion "1"]
[SourceVersionDate "2022.10.05"]
[SourceQuality "1"]
[WhiteTeam "Telgte"]
[BlackTeam "Nienberge II"]
[WhiteTeamCountry "GER"]
[BlackTeamCountry "GER"]

1. d4 Nf6 2. Nf3 g6 3. Nbd2 d5 4. e3 Bg7 5. Be2 0-0 6. 0-0 Ne4 7. c4 c6 8. Nxe4 dxe4 9. Nd2 f5 10. b4 a5 11. bxa5 Qxa5 12. Nb3 Qc7 13. g3 b6 14. Qc2 Nd7 15. Bb2 Nf6 16. a4 g5 17. c5 Kh8 18. cxb6 Qxb6 19. a5 Qc7 20. Rfc1 Be6 21. Bc4 Nd5 22. Nc5 Bg8 23. Bf1 Rxa5 24. Na6 Qd8 25. Rxa5 Qxa5 26. Qxc6 f4 27. Ra1 Qd2 28. Bc1 Qd1 29. Bb2 Qh5 30. exf4 gxf4 31. Qc2 fxg3 32. fxg3 Ne3 33. Qxe4 Nxf1 34. Rxf1 Rxf1+ 35. Kxf1 Qxh2 36. Qg2 Bc4+ 37. Kf2 Qxg2+ 38. Kxg2 Bxa6 39. Kf3 Bb7+ 40. Kf4 Kg8 41. Bc3 Kf7 42. Bb2 Bd5 43. Bc3 Kf6 44. g4 Bh6+ 45. Kg3 Bg5 46. Ba1 Ke6 47. Bc3 Kd7 48. Bb4 e6 49. Bf8 Kc6 50. Kf2 Kb5 51. Bg7 Be4 52. Be5 Kc4 53. Ke2 Bd3+ 54. Kf3 Kd5 55. Bg7 0-1

[Event "Muensterland Verbandsliga 1718"]
[Site "Germany"]
[Date "2018.05.05"]
[Round "9.6"]
[White "Liebing, Ingo"]
[Black "Dieckmann, Werner"]
[Result "1/2-1/2"]
[WhiteElo "1772"]
[BlackElo "1807"]
[PlyCount "43"]
[EventDate "2017.09.09"]
[EventType "team-tourn"]
[EventRounds "9"]
[EventCountry "GER"]
[SourceTitle "EXT 2019"]
[Source "ChessBase"]
[SourceDate "2018.10.10"]
[SourceVersion "1"]
[SourceVersionDate "2018.10.10"]
[SourceQuality "1"]
[WhiteTeam "Duelmen"]
[BlackTeam "Telgte"]
[WhiteTeamCountry "GER"]
[BlackTeamCountry "GER"]

1. c4 c5 2. g3 Nf6 3. Bg2 g6 4. Nc3 Bg7 5. e4 Nc6 6. Nge2 e5 7. 0-0 0-0 8. d3 d6 9. h3 Be6 10. f4 Qc8 11. Kh2 Nh5 12. Nd5 exf4 13. Nexf4 Nxf4 14. gxf4 Bxd5 15. cxd5 Nd4 16. Be3 f5 17. Qd2 a5 18. Rac1 b5 19. Qf2 Qd8 20. e5 dxe5 21. Rxc5 Qd6 22. Bxd4 1/2-1/2

[Event "Muensterland Verbandsliga 1718"]
[Site "Germany"]
[Date "2018.02.10"]
[Round "6.7"]
[White "Blanke, Martin"]
[Black "Dieckmann, Werner"]
[Result "0-1"]
[WhiteElo "1651"]
[BlackElo "1807"]
[PlyCount "68"]
[EventDate "2017.09.09"]
[EventType "team-tourn"]
[EventRounds "9"]
[EventCountry "GER"]
[SourceTitle "EXT 2019"]
[Source "ChessBase"]
[SourceDate "2018.10.10"]
[SourceVersion "1"]
[SourceVersionDate "2018.10.10"]
[SourceQuality "1"]
[WhiteTeam "Metelen"]
[BlackTeam "Telgte"]
[WhiteTeamCountry "GER"]
[BlackTeamCountry "GER"]

1. e4 e6 2. d3 d5 3. Bd2 Nf6 4. e5 Nfd7 5. Nf3 c5 6. c3 Nc6 7. Qa4 Qc7 8. d4 Be7 9. Na3 a6 10. Rc1 Qb8 11. Qc2 b5 12. Be2 Bb7 13. Nb1 Qd8 14. 0-0 0-0 15. Be3 Rc8 16. Qd2 Qa5 17. a3 cxd4 18. Bxd4 Qd8 19. h3 Nc5 20. Bxc5 Bxc5 21. Qf4 Be7 22. Rcd1 h6 23. Nbd2 Qc7 24. Qg3 Rfd8 25. Nb3 Bf8 26. Nbd4 Na5 27. Bd3 Nc4 28. Nxe6 fxe6 29. Qg6 Nxb2 30. Qxe6+ Kh8 31. Bf5 Qc6 32. Qf7 Rc7 33. Qh5 Nxd1 34. Ng5 d4 0-1

[Event "Muensterland Verbandsliga 1718"]
[Site "Germany"]
[Date "2018.01.20"]
[Round "5.6"]
[White "Boenigk, Winfried"]
[Black "Dieckmann, Werner"]
[Result "1/2-1/2"]
[WhiteElo "1743"]
[BlackElo "1807"]
[PlyCount "121"]
[EventDate "2017.09.09"]
[EventType "team-tourn"]
[EventRounds "9"]
[EventCountry "GER"]
[SourceTitle "EXT 2019"]
[Source "ChessBase"]
[SourceDate "2018.10.10"]
[SourceVersion "1"]
[SourceVersionDate "2018.10.10"]
[SourceQuality "1"]
[WhiteTeam "Olfen"]
[BlackTeam "Telgte"]
[WhiteTeamCountry "GER"]
[BlackTeamCountry "GER"]

1. d4 Nf6 2. c4 e6 3. Nc3 d5 4. Bg5 Be7 5. e3 0-0 6. Nf3 c6 7. Rc1 h6 8. Bh4 Nbd7 9. Bd3 Re8 10. 0-0 dxc4 11. Bxc4 Nd5 12. Bg3 Bf6 13. e4 Nxc3 14. bxc3 b5 15. Bb3 Bb7 16. e5 Be7 17. Nd2 c5 18. f4 cxd4 19. cxd4 Nf8 20. Nf3 Bd5 21. Qd3 Bxb3 22. axb3 Qd5 23. Bf2 Bb4 24. Be3 Rac8 25. Rxc8 Rxc8 26. Rc1 Rxc1+ 27. Bxc1 a5 28. Bd2 Bxd2 29. Nxd2 Nd7 30. Ne4 a4 31. bxa4 bxa4 32. Nd2 Nc5 33. Qc4 Qxc4 34. Nxc4 Nb3 35. Kf2 Nxd4 36. Na3 f6 37. exf6 gxf6 38. g4 Kf7 39. Ke3 e5 40. Ke4 Ke6 41. h3 Nb3 42. fxe5 fxe5 43. Nc4 Nc5+ 44. Ke3 Nd7 45. Ke4 Nf6+ 46. Ke3 Nd5+ 47. Ke4 Nc3+ 48. Kd3 Nb5 49. Ne3 Nd6 50. Kc3 a3 51. Kb3 e4 52. Kxa3 Ke5 53. Kb4 Kf4 54. Nd5+ Kg3 55. Kc5 Nf7 56. Kd4 Ng5 57. Ke3 Kxh3 58. Nf6 Kg3 59. Ng8 Kxg4 60. Nxh6+ Kh5 61. Nf5 1/2-1/2

[Event "Muensterland Verbandsliga 1718"]
[Site "Germany"]
[Date "2017.12.09"]
[Round "4.7"]
[White "Wagner, Nils Frederic"]
[Black "Dieckmann, Werner"]
[Result "1/2-1/2"]
[WhiteElo "1725"]
[BlackElo "1807"]
[PlyCount "108"]
[EventDate "2017.09.09"]
[EventType "team-tourn"]
[EventRounds "9"]
[EventCountry "GER"]
[SourceTitle "EXT 2019"]
[Source "ChessBase"]
[SourceDate "2018.10.10"]
[SourceVersion "1"]
[SourceVersionDate "2018.10.10"]
[SourceQuality "1"]
[WhiteTeam "Borken"]
[BlackTeam "Telgte"]
[WhiteTeamCountry "GER"]
[BlackTeamCountry "GER"]

1. c4 e5 2. g3 Nf6 3. Bg2 d6 4. Nc3 c6 5. Nf3 Be7 6. 0-0 0-0 7. d3 Nbd7 8. Rb1 Re8 9. b4 a6 10. a4 Bf8 11. b5 axb5 12. axb5 c5 13. Ng5 h6 14. Nge4 Nxe4 15. Nxe4 f5 16. Nc3 Nf6 17. Nd5 Nxd5 18. Bxd5+ Kh8 19. e4 fxe4 20. Bxe4 Qe7 21. Qh5 Be6 22. f4 Bf7 23. Qf3 exf4 24. Qxf4 Bxc4 25. Bb2 Qe6 26. dxc4 Qxe4 27. Qxh6+ Qh7 28. Qd2 Qe4 29. Rbe1 Qg6 30. Rf4 Rxe1+ 31. Qxe1 Re8 32. Qf2 Kg8 33. Qd2 Qe6 34. Kf2 Re7 35. h4 Rf7 36. Bc1 Rxf4+ 37. Qxf4 d5 38. cxd5 Qxd5 39. Qg5 Qxg5 40. Bxg5 Kf7 41. Ke3 Ke6 42. Ke4 Bd6 43. g4 Be5 44. Be3 Bd6 45. h5 Bf8 46. Bf4 Be7 47. h6 gxh6 48. Bxh6 Bf6 49. Be3 b6 50. Bf4 Bc3 51. Bc7 Ba5 52. Be5 Bd2 53. Bc7 Ba5 54. Be5 Bd2 1/2-1/2

[Event "Muensterland Verbandsliga 1617"]
[Site "Germany"]
[Date "2016.10.01"]
[Round "2.6"]
[White "Wetter, Ralf"]
[Black "Dieckmann, Werner"]
[Result "1/2-1/2"]
[WhiteElo "1884"]
[BlackElo "1811"]
[PlyCount "39"]
[EventDate "2016.09.10"]
[EventType "team"]
[EventRounds "9"]
[EventCountry "GER"]
[SourceTitle "EXT 2018"]
[Source "ChessBase"]
[SourceDate "2017.10.13"]
[SourceVersion "1"]
[SourceVersionDate "2017.10.13"]
[SourceQuality "1"]
[WhiteTeam "Heiden"]
[BlackTeam "Telgte"]
[WhiteTeamCountry "GER"]
[BlackTeamCountry "GER"]

1. Nf3 Nf6 2. g3 d5 3. d3 g6 4. Bg2 Bg7 5. 0-0 0-0 6. Nbd2 c6 7. e4 Bg4 8. h3 dxe4 9. dxe4 Bxf3 10. Qxf3 Nbd7 11. Rd1 Qc7 12. Nc4 b5 13. Na3 Rad8 14. Bf4 Ne5 15. Qe2 Nh5 16. Be3 Nd7 17. Bd4 Nb6 18. Bxg7 Nxg7 19. c3 e5 20. Nc2 1/2-1/2

[Event "Muensterland Regionalliga 1516"]
[Site "Germany"]
[Date "2016.04.09"]
[Round "8.6"]
[White "Janning, Rainer"]
[Black "Dieckmann, Werner"]
[Result "1-0"]
[WhiteElo "1849"]
[BlackElo "1744"]
[PlyCount "65"]
[EventDate "2015.09.05"]
[EventType "team"]
[EventRounds "9"]
[EventCountry "GER"]
[SourceTitle "EXT 2017"]
[Source "ChessBase"]
[SourceDate "2016.10.25"]
[SourceVersion "1"]
[SourceVersionDate "2016.10.25"]
[SourceQuality "1"]
[WhiteTeam "Steinfurt"]
[BlackTeam "Telgte"]
[WhiteTeamCountry "GER"]
[BlackTeamCountry "GER"]

1. f4 d5 2. Nf3 Nf6 3. e3 Bg4 4. h3 Bxf3 5. Qxf3 e6 6. g4 Ne4 7. h4 Be7 8. g5 c6 9. d3 Nd6 10. Nc3 Qb6 11. Bh3 Nd7 12. b3 Nb5 13. Nxb5 cxb5 14. Bd2 Qc6 15. c3 g6 16. d4 h5 17. Bf1 a6 18. Bd3 Nb6 19. 0-0 0-0 20. Qe2 Rfe8 21. Rf2 Nc8 22. e4 dxe4 23. Bxe4 Qc7 24. Bxg6 fxg6 25. Qxe6+ Kg7 26. f5 gxf5 27. Qh6+ Kg8 28. Qg6+ Kh8 29. Qxe8+ Kg7 30. Qxh5 Qg3+ 31. Rg2 Qd6 32. g6 Qf6 33. Qh7+ 1-0

[Event "Muensterland Regionalliga 1516"]
[Site "Germany"]
[Date "2016.02.27"]
[Round "7.6"]
[White "Dieckmann, Werner"]
[Black "Niermann, Rainer"]
[Result "0-1"]
[WhiteElo "1744"]
[BlackElo "1991"]
[PlyCount "42"]
[EventDate "2015.09.05"]
[EventType "team"]
[EventRounds "9"]
[EventCountry "GER"]
[SourceTitle "EXT 2017"]
[Source "ChessBase"]
[SourceDate "2016.10.25"]
[SourceVersion "1"]
[SourceVersionDate "2016.10.25"]
[SourceQuality "1"]
[WhiteTeam "Telgte"]
[BlackTeam "Muenster SK II"]
[WhiteTeamCountry "GER"]
[BlackTeamCountry "GER"]

1. d4 c5 2. d5 Nf6 3. c4 Ne4 4. Qd3 Qa5+ 5. Nd2 f5 6. Ngf3 g6 7. g3 Bg7 8. Bg2 e5 9. 0-0 Nd6 10. e4 0-0 11. Re1 Nxe4 12. Nxe4 fxe4 13. Qxe4 d6 14. Bd2 Qa6 15. Qe2 Nd7 16. Ng5 Nb6 17. Rec1 Bf5 18. Ne4 Rad8 19. b3 Nxd5 20. Nxc5 dxc5 21. Bg5 Nf6 0-1

[Event "Muensterland Verbandsliga 1415"]
[Site "Germany"]
[Date "2015.04.18"]
[Round "8.7"]
[White "Ter Veen, Michael"]
[Black "Dieckmann, Werner"]
[Result "1/2-1/2"]
[WhiteElo "1724"]
[BlackElo "1748"]
[PlyCount "84"]
[EventDate "2014.09.06"]
[EventType "team-tourn"]
[EventRounds "9"]
[EventCountry "GER"]
[SourceTitle "EXT 2016"]
[Source "ChessBase"]
[SourceDate "2015.10.08"]
[SourceVersion "1"]
[SourceVersionDate "2015.10.08"]
[SourceQuality "1"]
[WhiteTeam "Muenster Indische Dame"]
[BlackTeam "Telgte"]
[WhiteTeamCountry "GER"]
[BlackTeamCountry "GER"]

1. c4 c5 2. Nc3 Nc6 3. g3 b6 4. Bg2 Bb7 5. e3 Na5 6. Bxb7 Nxb7 7. Qf3 Nd6 8. d3 g6 9. Nge2 Bg7 10. 0-0 Nh6 11. e4 0-0 12. Qg2 f5 13. e5 Ne8 14. Rd1 Nf7 15. f4 Nc7 16. d4 cxd4 17. Nxd4 Qc8 18. Be3 d6 19. exd6 Nxd6 20. Nc6 Qe6 21. Bd4 Ne4 22. Bxg7 Kxg7 23. Nxe4 fxe4 24. Ne5 Ne8 25. Qxe4 Nd6 26. Qd5 Qxd5 27. cxd5 Rfc8 28. Rac1 Kf6 29. Rc6 Rxc6 30. Nxc6 e6 31. dxe6 Kxe6 32. Kg2 Nc4 33. Re1+ Kd6 34. b3 Kxc6 35. bxc4 Kc5 36. Re4 a5 37. g4 Rd8 38. f5 gxf5 39. gxf5 Rf8 40. Rf4 Kb4 41. Kg3 Ka3 42. Rf2 Kb4 1/2-1/2

[Event "Muensterland Verbandsliga 1314"]
[Site "Germany"]
[Date "2014.05.03"]
[Round "9.7"]
[White "Woltering, Martin"]
[Black "Dieckmann, Werner"]
[Result "1-0"]
[WhiteElo "1623"]
[BlackElo "1768"]
[PlyCount "97"]
[EventDate "2013.09.07"]
[EventType "team-tourn"]
[EventRounds "9"]
[EventCountry "GER"]
[SourceTitle "EXT 2015"]
[Source "ChessBase"]
[SourceDate "2014.11.20"]
[SourceVersion "1"]
[SourceVersionDate "2014.11.20"]
[SourceQuality "1"]
[WhiteTeam "Ahaus Wessum"]
[BlackTeam "Telgte"]
[WhiteTeamCountry "GER"]
[BlackTeamCountry "GER"]

1. e4 e5 2. Bc4 d6 3. Nc3 Nf6 4. d3 Be7 5. f4 exf4 6. Bxf4 Be6 7. Bb3 Bxb3 8. axb3 0-0 9. Nf3 Nc6 10. 0-0 a5 11. Qd2 b6 12. Nb5 Qd7 13. Nbd4 Nxd4 14. Nxd4 Ng4 15. h3 Bf6 16. Nf5 Ne5 17. Bg5 Bxg5 18. Qxg5 f6 19. Qg3 Kh8 20. d4 Nc6 21. c3 Qf7 22. d5 Nd8 23. h4 Re8 24. Rf4 g6 25. Nh6 Qg7 26. Ng4 Rf8 27. Qf2 f5 28. exf5 gxf5 29. Rxf5 Rxf5 30. Qxf5 Nf7 31. Re1 Nh6 32. Nxh6 Qxh6 33. Qf7 Rf8 34. Re8 Rxe8 35. Qxe8+ Kg7 36. Qe7+ Kg8 37. Qd8+ Qf8 38. Qxf8+ Kxf8 39. g4 Kg7 40. Kg2 Kf6 41. Kf3 Ke5 42. c4 Kd4 43. g5 b5 44. h5 bxc4 45. g6 hxg6 46. hxg6 c3 47. bxc3+ Kxc3 48. g7 Kxb3 49. g8Q 1-0

[Event "Muensterland Verbandsliga 1314"]
[Site "Germany"]
[Date "2014.03.15"]
[Round "7.7"]
[White "Schroeter, Manfred"]
[Black "Dieckmann, Werner"]
[Result "1/2-1/2"]
[WhiteElo "1876"]
[BlackElo "1768"]
[PlyCount "96"]
[EventDate "2013.09.07"]
[EventType "team-tourn"]
[EventRounds "9"]
[EventCountry "GER"]
[SourceTitle "EXT 2015"]
[Source "ChessBase"]
[SourceDate "2014.11.20"]
[SourceVersion "1"]
[SourceVersionDate "2014.11.20"]
[SourceQuality "1"]
[WhiteTeam "Saerbeck"]
[BlackTeam "Telgte"]
[WhiteTeamCountry "GER"]
[BlackTeamCountry "GER"]

1. e4 e5 2. Nf3 Nf6 3. d4 Nxe4 4. Bd3 d5 5. dxe5 Bb4+ 6. c3 Be7 7. Bxe4 dxe4 8. Qa4+ Bd7 9. Qxe4 Bc6 10. Qd4 0-0 11. Nbd2 Nd7 12. b4 a5 13. 0-0 axb4 14. cxb4 Bb5 15. Re1 c5 16. Qg4 cxb4 17. Nd4 Bd3 18. Nf5 Bxf5 19. Qxf5 Nc5 20. Ne4 Qd4 21. Bg5 Nxe4 22. Bxe7 Rfe8 23. Qxe4 Qxe4 24. Rxe4 Rxe7 25. Rxb4 Rxe5 26. Rxb7 g6 27. Rb2 Rea5 28. g4 h5 29. h3 hxg4 30. hxg4 Ra3 31. Kg2 R8a4 32. f3 Kg7 33. Kg3 Ra5 34. Rf2 Ra6 35. Rh2 Rf6 36. Rf1 Rfa6 37. Rff2 R6a5 38. Kh4 Ra8 39. g5 R8a4+ 40. Kg3 Ra5 41. Kg4 R5a4+ 42. Kh3 Ra5 43. Rhg2 Rf5 44. Kg4 Rd5 45. Rh2 Rd4+ 46. Kg3 Rd5 47. Kh4 Rdd3 48. Kg3 Rd5 1/2-1/2

[Event "Muensterland Verbandsliga 1314"]
[Site "Germany"]
[Date "2014.02.01"]
[Round "6.8"]
[White "Radinger, Rudolf"]
[Black "Dieckmann, Werner"]
[Result "0-1"]
[WhiteElo "1588"]
[BlackElo "1768"]
[PlyCount "60"]
[EventDate "2013.09.07"]
[EventType "team-tourn"]
[EventRounds "9"]
[EventCountry "GER"]
[SourceTitle "EXT 2015"]
[Source "ChessBase"]
[SourceDate "2014.11.20"]
[SourceVersion "1"]
[SourceVersionDate "2014.11.20"]
[SourceQuality "1"]
[WhiteTeam "Beelen"]
[BlackTeam "Telgte"]
[WhiteTeamCountry "GER"]
[BlackTeamCountry "GER"]

1. e4 e5 2. Nf3 Nc6 3. Bb5 a6 4. Bxc6 dxc6 5. 0-0 Bd6 6. d4 Qe7 7. dxe5 Bxe5 8. Nxe5 Qxe5 9. f4 Qc5+ 10. Kh1 Bd7 11. Nc3 0-0-0 12. Qf3 Nf6 13. Be3 Qb4 14. Rab1 Bg4 15. Qg3 h5 16. e5 h4 17. Qf2 Ne4 18. Nxe4 Qxe4 19. Kg1 h3 20. g3 Be6 21. Qf3 Qxc2 22. Rfc1 Qf5 23. b3 Bd5 24. Qf2 Qe4 25. Kf1 f6 26. exf6 gxf6 27. Ke2 Rhe8 28. Rb2 Bf7 29. Rc3 Bh5+ 30. Ke1 Rd1# 0-1

[Event "Muensterland Verbandsliga 1314"]
[Site "Germany"]
[Date "2014.01.18"]
[Round "5.7"]
[White "Raus, Michael"]
[Black "Dieckmann, Werner"]
[Result "1-0"]
[WhiteElo "1708"]
[BlackElo "1768"]
[PlyCount "111"]
[EventDate "2013.09.07"]
[EventType "team-tourn"]
[EventRounds "9"]
[EventCountry "GER"]
[SourceTitle "EXT 2015"]
[Source "ChessBase"]
[SourceDate "2014.11.20"]
[SourceVersion "1"]
[SourceVersionDate "2014.11.20"]
[SourceQuality "1"]
[WhiteTeam "Steinfurt"]
[BlackTeam "Telgte"]
[WhiteTeamCountry "GER"]
[BlackTeamCountry "GER"]

1. e4 c6 2. d4 d5 3. exd5 cxd5 4. Bd3 Nc6 5. c3 Nf6 6. Nf3 e6 7. Nbd2 Bd6 8. 0-0 0-0 9. Re1 Qc7 10. Qe2 Re8 11. Ne5 Bxe5 12. dxe5 Nd7 13. f4 f5 14. Nf3 Nf8 15. Be3 b6 16. Qf2 Na5 17. Nd4 Bd7 18. Nb5 Bxb5 19. Bxb5 Red8 20. Rad1 Nc4 21. Bc1 Na5 22. Kh1 a6 23. Be2 b5 24. g4 Nc4 25. gxf5 exf5 26. Bf3 Qb6 27. Qxb6 Nxb6 28. Be3 Rab8 29. Bxb6 Rxb6 30. Bxd5+ Kh8 31. Kg2 Ng6 32. Kg3 Ne7 33. Bb3 Rbb8 34. Rxd8+ Rxd8 35. Rd1 Rxd1 36. Bxd1 h6 37. h4 Kg8 38. Be2 Kf8 39. a4 bxa4 40. Bxa6 Nd5 41. Bb5 a3 42. bxa3 Nxc3 43. a4 Ke7 44. Kf3 g6 45. Ke3 Nd5+ 46. Kf3 Nc3 47. Bc6 Ke6 48. a5 g5 49. hxg5 hxg5 50. a6 g4+ 51. Kg2 Ne2 52. a7 Nxf4+ 53. Kf1 g3 54. a8Q g2+ 55. Bxg2 Nxg2 56. Kxg2 1-0

[Event "Muensterland Verbandsklasse-B 1213"]
[Site "Germany"]
[Date "2012.12.15"]
[Round "4.8"]
[White "Dieckmann, Werner"]
[Black "Hemmers, Dieter"]
[Result "1/2-1/2"]
[WhiteElo "1750"]
[BlackElo "1788"]
[PlyCount "136"]
[EventDate "2012.09.15"]
[EventType "team-tourn"]
[EventRounds "9"]
[EventCountry "GER"]
[SourceTitle "EXT 2015"]
[Source "ChessBase"]
[SourceDate "2014.11.20"]
[SourceVersion "1"]
[SourceVersionDate "2014.11.20"]
[SourceQuality "1"]
[WhiteTeam "Telgte"]
[BlackTeam "Emsdetten Rochade"]
[WhiteTeamCountry "GER"]
[BlackTeamCountry "GER"]

1. d4 Nf6 2. Nf3 g6 3. Bg5 Bg7 4. Nbd2 d5 5. e3 Nbd7 6. c4 c5 7. Rb1 cxd4 8. exd4 0-0 9. cxd5 Nxd5 10. Bc4 N7b6 11. 0-0 Bg4 12. Qb3 Nxc4 13. Qxc4 Be6 14. Qc5 Re8 15. Rbc1 h6 16. Be3 b6 17. Qa3 Qd7 18. Nc4 f6 19. Rfe1 Rec8 20. b3 Bf7 21. Qb2 Kh7 22. Qd2 Rc6 23. Nb2 Rac8 24. Rxc6 Rxc6 25. Nc4 Qf5 26. a4 Bf8 27. Rc1 Qc8 28. Qd3 a6 29. Rb1 Nb4 30. Qd2 Nd5 31. Qd3 Qc7 32. Bd2 a5 33. g3 Kg7 34. Re1 Re6 35. Rxe6 Bxe6 36. Nh4 Bf7 37. Qe4 e6 38. Ng2 g5 39. f4 Qd7 40. fxg5 hxg5 41. h4 Bg6 42. Qg4 Bf5 43. Qh5 Bg6 44. Qf3 Be7 45. hxg5 fxg5 46. Ne5 Qe8 47. Ne3 Qf8 48. Qxf8+ Bxf8 49. Nxd5 exd5 50. Nd7 Bc2 51. Nxb6 Bxb3 52. Bxa5 Bd6 53. Be1 Bc7 54. a5 Kf7 55. Kf2 Ke7 56. Bb4+ Kd8 57. Bc5 g4 58. a6 Bxb6 59. Bxb6+ Kc8 60. Ke3 Bc4 61. a7 Kb7 62. Kf4 Be2 63. Ke5 Bf3 64. Bc5 Ka8 65. Kd6 Kb7 66. Bb6 Be4 67. Ke5 Bf3 68. Kf4 Ka8 1/2-1/2

[Event "Muensterland Verbandsklasse-B 1213"]
[Site "Germany"]
[Date "2012.09.15"]
[Round "1.8"]
[White "Hoetzel, Michael"]
[Black "Dieckmann, Werner"]
[Result "0-1"]
[WhiteElo "1417"]
[BlackElo "1750"]
[PlyCount "66"]
[EventDate "2012.09.15"]
[EventType "team-tourn"]
[EventRounds "9"]
[EventCountry "GER"]
[SourceTitle "EXT 2015"]
[Source "ChessBase"]
[SourceDate "2014.11.20"]
[SourceVersion "1"]
[SourceVersionDate "2014.11.20"]
[SourceQuality "1"]
[WhiteTeam "Stadtlohn"]
[BlackTeam "Telgte"]
[WhiteTeamCountry "GER"]
[BlackTeamCountry "GER"]

1. e4 e5 2. Nf3 Nf6 3. Nc3 Nc6 4. Bc4 Be7 5. d3 d6 6. h3 Be6 7. Bb3 0-0 8. Be3 Bxb3 9. axb3 d5 10. exd5 Nxd5 11. 0-0 f5 12. Bd2 Bf6 13. Re1 Re8 14. Nxd5 Qxd5 15. Bc3 a6 16. Re2 Rad8 17. Qd2 h6 18. Rd1 a5 19. Ne1 Bg5 20. Re3 Bxe3 21. fxe3 b6 22. Qf2 Qe6 23. Nf3 Qf7 24. d4 exd4 25. Bxd4 Nxd4 26. exd4 Qf6 27. c4 Re4 28. d5 Rde8 29. Re1 Rxe1+ 30. Nxe1 Qe5 31. Nd3 Qe4 32. Qd2 Qe3+ 33. Qxe3 Rxe3 0-1

[Event "Muensterland Verbandsklasse-B 1011"]
[Site "Germany"]
[Date "2011.02.19"]
[Round "7.7"]
[White "Schmitt, Konrad"]
[Black "Dieckmann, Werner"]
[Result "1/2-1/2"]
[WhiteElo "1754"]
[BlackElo "1808"]
[PlyCount "160"]
[EventDate "2010.09.18"]
[EventType "team-tourn"]
[EventRounds "9"]
[EventCountry "GER"]
[SourceTitle "EXT 2012"]
[Source "ChessBase"]
[SourceDate "2011.11.24"]
[SourceVersion "1"]
[SourceVersionDate "2011.11.24"]
[SourceQuality "1"]
[WhiteTeam "Muenster SK IV"]
[BlackTeam "Telgte"]
[WhiteTeamCountry "GER"]
[BlackTeamCountry "GER"]

1. c4 c5 2. Nc3 Nc6 3. g3 g6 4. Nf3 Bg7 5. Bg2 Nf6 6. d4 cxd4 7. Nxd4 0-0 8. Nxc6 dxc6 9. Qc2 Re8 10. 0-0 Qc7 11. Bg5 Bg4 12. h3 Be6 13. Bxf6 exf6 14. b3 Rad8 15. Rac1 Qc8 16. Kh2 f5 17. f4 Qc7 18. Rf3 a6 19. Nd1 Rd7 20. Nf2 Ree7 21. Rd3 Bd4 22. Nd1 Bc5 23. Nb2 Ba3 24. Rcd1 Bc5 25. Rxd7 Rxd7 26. Rxd7 Bxd7 27. Nd3 Bf8 28. Ne5 Be6 29. Qd2 Bg7 30. Nf3 h6 31. Ne1 Qb6 32. Nd3 Bd4 33. Bf3 Bf6 34. Qb4 Qc7 35. Kg1 Kg7 36. Qc5 Be7 37. Qe5+ Qxe5 38. Nxe5 f6 39. Nd3 Kf7 40. Kf2 Ke8 41. Ke3 Kd8 42. Kd4 Kc7 43. b4 b6 44. a3 g5 45. e3 a5 46. c5 axb4 47. axb4 Bc8 48. Bh5 Ba6 49. Nf2 bxc5+ 50. bxc5 Bc8 51. Bf7 Kd8 52. Nd3 Bf8 53. Nb4 Bd7 54. Bb3 Kc7 55. Ba4 Bg7 56. Bc2 Be6 57. Ba4 Bd7 58. Kc4 Be6+ 59. Kc3 Bd7 60. Nc2 h5 61. Nd4 h4 62. gxh4 gxf4 63. exf4 Bh6 64. Bc2 Bxf4 65. Nxf5 Kd8 66. Be4 Ke8 67. Kd4 Bh2 68. Kd3 Kf7 69. Nh6+ Kg7 70. Ng4 Bg1 71. Ne3 Kh6 72. Ng4+ Bxg4 73. hxg4 Bxc5 74. Ke2 Bd6 75. Bxc6 Bg3 76. h5 Bh4 77. Bd7 Bg5 78. Kf3 Bh4 79. Kf4 Bg5+ 80. Kf5 Bh4 1/2-1/2

[Event "Muensterland Verbandsklasse-B 0910"]
[Site "Germany"]
[Date "2010.01.09"]
[Round "5.7"]
[White "Dieckmann, Werner"]
[Black "Hofene, Werner"]
[Result "1/2-1/2"]
[WhiteElo "1806"]
[BlackElo "1726"]
[PlyCount "96"]
[EventDate "2009.09.19"]
[EventType "team-tourn"]
[EventRounds "9"]
[EventCountry "GER"]
[SourceTitle "EXT 2011"]
[Source "ChessBase"]
[SourceDate "2010.11.26"]
[SourceVersion "1"]
[SourceVersionDate "2010.11.26"]
[SourceQuality "1"]
[WhiteTeam "Telgte"]
[BlackTeam "Beelen"]
[WhiteTeamCountry "GER"]
[BlackTeamCountry "GER"]

1. d4 Nf6 2. Nf3 g6 3. Bg5 Bg7 4. Nbd2 0-0 5. e4 d6 6. Be2 Nbd7 7. c3 Re8 8. 0-0 h6 9. Bxf6 Bxf6 10. Qb3 e5 11. Rfe1 Qe7 12. Bf1 Nf8 13. dxe5 dxe5 14. Rad1 g5 15. Nc4 Ng6 16. Ne3 c6 17. Qc2 g4 18. Nd2 Nh4 19. g3 Nf3+ 20. Nxf3 gxf3 21. Nf5 Bxf5 22. exf5 e4 23. Qd2 Bg5 24. Qd6 Qxd6 25. Rxd6 e3 26. fxe3 Bxe3+ 27. Kh1 Bc5 28. Rxe8+ Rxe8 29. Rd3 f2 30. b4 Be3 31. Kg2 Re5 32. g4 h5 33. h3 hxg4 34. hxg4 Bb6 35. a4 a5 36. Rd7 Re4 37. bxa5 Bxa5 38. Kxf2 Bxc3 39. Rxb7 Rxa4 40. Kf3 c5 41. Bb5 Rb4 42. Bc6 Rd4 43. Be8 f6 44. Bf7+ Kf8 45. Be6 Rd1 46. Rb8+ Ke7 47. Rb7+ Kd8 48. Rb8+ Ke7 1/2-1/2